=LDR 00000nam 2200000 4500 =001 INLIS000000000009962 =005 20130612101719 =008 ***********************************Ind** =035 ##$$0010-061300000009962 =041 ##$$a Ind =082 ##$$a 028.5 =090 ##$$a 028.5, Ber a =100 ##$$a Bertino, Andree =245 ##$$a anak-anak tuareg serta cerita lainnya, Andree Bertino ; alih bahasa, Esther S. Mandjani =250 ##$$a Seri keajaiban dunia =260 ##$$a 1996 $b Bogor =300 ##$$a 24 hlm, ilus, 20 cm =650 ##$$a Bacaan anak-anak =700 ##$$a Mandjani, Ester S =850 ##$$a NBPNMAT